UBT Library

The joy of signing : (Record no. 39307)

000 -LEADER
fixed length control field 00672cam a2200241 a 4500
001 - CONTROL NUMBER
control field 4299375
005 - DATE AND TIME OF LATEST TRANSACTION
control field 20171222040123.0
008 - FIXED-LENGTH DATA ELEMENTS--GENERAL INFORMATION
fixed length control field 860515s1987 moua b 001 0 eng
010 ## - LIBRARY OF CONGRESS CONTROL NUMBER
LC control number 86080173
020 ## - INTERNATIONAL STANDARD BOOK NUMBER
International Standard Book Number 0882435205
040 ## - CATALOGING SOURCE
Original cataloging agency DLC
Transcribing agency DLC
Modifying agency DLC
041 ## - LANGUAGE CODE
Language code of text/sound track or separate title eng
080 ## - UNIVERSAL DECIMAL CLASSIFICATION NUMBER
Universal Decimal Classification number 419
082 00 - DEWEY DECIMAL CLASSIFICATION NUMBER
Classification number 419 RIE
Edition number 19
100 1# - Rafti
Rafti 46
101 ## - Shkurtesa
Shkurtesa EDU
245 14 - TITLE STATEMENT
Title The joy of signing :
Statement of responsibility, etc Lottie L. Riekehof.
504 ## - BIBLIOGRAPHY, ETC. NOTE
Bibliography, etc Bibliography: p. 341.
906 ## - LOCAL DATA ELEMENT F, LDF (RLIN)
a 7
b cbc
c orignew
d 1
e opcn
f 19
g y-gencatlg
942 ## - ADDED ENTRY ELEMENTS (KOHA)
Source of classification or shelving scheme
Item type Books
Holdings
Withdrawn status Lost status Source of classification or shelving scheme Damaged status Not for loan Collection code Permanent location Current location Shelving location Date acquired Total Checkouts Full call number Barcode Date last seen Price effective from Koha item type
          Koleksioni i përgjithshem UBT - Lipjan UBT - Lipjan Koleksioni i përgjithshem 12/22/2017   419 RIE 002-29943 12/22/2017 12/22/2017 Books
UBT Library © 2015-2024. All rights reserved University Education for Business and Technology